Loreto College Library, Kolkata
WEBOPAC (ONLINE PUBLIC ACCESS CATALOGUE)

Prometheus bound the suppliants seven againts thebes the Persians (Record no. 5522)

MARC details
000 -LEADER
fixed length control field 00654nam a2200217Ia 4500
005 - DATE AND TIME OF LATEST TRANSACTION
control field 20230120112550.0
008 - FIXED-LENGTH DATA ELEMENTS--GENERAL INFORMATION
fixed length control field 131103s9999 xx 000 0 und d
040 ## - CATALOGING SOURCE
Original cataloging agency Loreto College
041 ## - LANGUAGE CODE
Language code English
082 ## - DDC | ডিউই
Classification number | বর্গসংখ্যা 882
Book Number | গ্রন্থাঙ্ক AES
100 ## - MAIN ENTRY--PERSONAL NAME | মুখ্য সংলেখ - ব্যাক্তিনাম
Personal name | ব্যাক্তিনাম Aeschylus
245 ## - TITLE STATEMENT | অাখ্যা বিবরণী
Title | অাখ্যা Prometheus bound the suppliants seven againts thebes the Persians
Statement of responsibility | লেখকের দায়িত্বের বিবরণ Aeschylus,translated with an introduction by Philip Vellacott
260 ## - IMPRINT | প্রকাশনা ক্ষেত্র
Place of publication | প্রকাশ স্থান Harmoundsworth
Name of publisher | প্রকাশকের নাম Penguin Books
Date of publication | প্রকাশ কাল 1961
300 ## - PHYSICAL DESCRIPTION |
Page / Vol. No | পৃষ্ঠা / খন্ড সংখ্যা 160 p.
440 ## - SERIES STATEMENT |গ্রন্থমালা
Series Title | গ্রন্থমালা অাখ্যা Penguin Classics
504 ## - BIBLIOGRAPHY, ETC. NOTE
Bibliography, etc Includes bibliographical references
650 ## - SUBJECT ADDED ENTRY--TOPICAL TERM | বিষয় শিরোনাম - মূল বিষয়
Topical term | মূল বিষয় Greek Drama
700 ## - ADDED ENTRY--PERSONAL NAME | অতিরিক্ত সংলেখ - ব্
Personal name | ব্যাক্তিনাম Vellacott,Philip,tr.
850 ## - HOLDING INSTITUTION
Holding institution LCLIB
942 ## - ADDED ENTRY ELEMENTS (KOHA)
Koha item type Books
Holdings
Withdrawn status Lost status Source of classification Damaged status Not for loan Home library Current library Date acquired Total Checkouts Full call number Accession No. Date last seen Price effective from Koha item type Coded location qualifier
    Dewey Decimal Classification     Loreto College Loreto College 04/11/2013   882 AES 12314 B5390 20/07/2018 04/11/2013 Books